00698nam a2200157 a 4500008004100000050001700041100001800058245016000076260006100236300002400297490003800321490001800359500001700377650006200394650008400456121210s2007 ||||||||||||||||| || u aPAPERS/STAFF aSiziya, Seter10aSex differences in prevalence rates and predictors of cigarette smoking among in-school adolescents in Kilimanjaro, Tanzaniacby Seter Siziya; [and others] aLusaka: bUniversity of Zambia, School of Medicinec2007 ap.190 - p.195: ill. aTanzania Health Research Bulletin vVol. 9, No. 3 aBibliography aSEX DIFFERENCES--CIGARETTE SMOKING--ADOLESCENTS--TANZANIA aSEX DIFFERENCES--CIGARETTE SMOKING IN-SCHOOL ADOLESCENTS--KILIMANJARO, TANZANIA